|
|
|
|
| LEADER |
00000nkmaa2200000 a 4500 |
| 001 |
vtls010668395 |
| 003 |
SK-MaSNL |
| 005 |
20260302054511.0 |
| 007 |
kh bo |
| 008 |
230802e xx | |||| k|slo |
| 035 |
|
|
|a 7E390ED5-0D71-48EF-940A-1D46A634349A
|
| 035 |
|
|
|a urn:nbn:sk:snk-kmxxd7
|
| 035 |
|
|
|a urn:nbn:sk:snk-km0055cp
|
| 040 |
|
|
|a SNKLA
|b slo
|c SNKLA
|e AACR2
|
| 041 |
0 |
|
|a slo
|
| 245 |
0 |
0 |
|a [Podjavorinská, Ľudmila]
|h grafika
|
| 260 |
|
|
|a [S.l.
|b s.n.
|c s.a.]
|
| 300 |
|
|
|a 1 fotografia
|b čb
|c 14 x 9 cm
|
| 520 |
2 |
|
|a Zobrazenie: Podobizeň spisovateľky a publicistky Ľudmily Podjavorinskej, vl. menom Ľudmily Riznerovej (26.4.1872 Bzince pod Javorinou - 2.3.1951 Nové Mesto Nad Váhom, poch. v Bzinciach pod Javorinou).
|
| 600 |
1 |
7 |
|a Podjavorinská, Ľudmila,
|d 1872-1951
|2 SNKMA
|9 91301
|
| 655 |
|
7 |
|a portrétne fotografie
|2 SNKLA
|9 305796
|
| 852 |
7 |
|
|a Slovenská národná knižnica
|b Literárny archív
|
| 958 |
|
|
|a BLA
|
| 999 |
|
|
|c 1113521
|d 1115451
|
| 952 |
|
|
|a SNKLA
|b SNKLA
|c SNKLA_DEP
|y NEVYP
|7 0
|p 17A1007264
|o snkK 21a/2
|i snkLA 1481/1968
|0 0
|1 0
|4 0
|d 2015-04-21
|f 1
|l 0
|r 2026-02-24 18:08:17
|w 2026-02-24
|